LEADER 01707nam0 22003853i 450 001 RMS1792215 005 20251003044346.0 010 $a9788851304270 100 $a20070706d2007 ||||0itac50 ba 101 | $aita 102 $ait 181 1$6z01$ai $bxxxe 182 1$6z01$an 200 1 $aˆLa ‰certificazione energetica degli edifici$erisparmio energetico, L.10/1991, D.Lgs. 192/2005, D. Lgs. 311/2006, norme e tecniche$fAntonio Carpentieri, Giovanni Battista Tieri 210 $aNapoli$cSistemi editoriali$d2007 215 $a154 p.$cill.$d25 cm$e1 CD-ROM. 225 | $aEdilizia$vE201 410 0$1001RMG0036536$12001 $aEdilizia$vE201 606 $aEdifici$xImpianti termici$xRisparmio energetico$xCertificazione$2FIR$3CFIC194081$9E 676 $a697$9INGEGNERIA DEL RISCALDAMENTO, DELL'AREAZIONE, DEL CONDIZIONAMENTO D'ARIA$v14 676 $a697$9Ingegneria del riscaldamento, dell'aerazione, del condizionamento d'aria$v22 696 $aFabbricati 699 $aEdifici$yFabbricati 700 1$aCarpentieri$b, Antonio$3CUBV035689$4070$0714717 701 1$aTieri$b, Giovanni Battista$3RMSV736631$4070$0714718 801 3$aIT$bIT-000000$c20070706 850 $aIT-BN0095 $aIT-NA0537 $aIT-NA0079 901 $bNAP BN$cMAGAZZINO $nmagazzini correnti divisi per anni 901 $bNAP 01$cSALA DING $n$ 901 $bNAP 68$cOP. GEN. $n$ 912 $aRMS1792215 950 0$aBiblioteca Centralizzata di Ateneo$c1 v.$d 01SALA DING 697 CAR.ce$e 0102 0000063855 VMA 1 v.$fY $h20071105$i20071105 977 $a 01$a 68$a BN 996 $aCertificazione energetica degli edifici$91382091 997 $aUNISANNIO